03198 am a2200781 a 450000500170000000800410001702000180005804100080007624500430008425000670012726000600019430000230025450001090027765300260038665300360041265300520044865300280050065300410052865300310056965300270060065300600062765300630068765300710075065300440082165300270086565300360089265300500092865300570097865300360103565300580107165300400112965300340116965300270120365300450123065300350127565300380131065300410134865300570138965300600144665300410150665300420154765300520158965300450164165300470168665300380173365300220177165300180179365300180181165300160182965300450184565300390189065300270192965300190195665300270197565300260200265300470202865300300207565300440210565300470214965300370219665300160223365300130224965300460226270000320230870000200234070000270236070000290238720240527112643.0100629s2009||||ag a f |||| 001 0 spa d a9789500603348 aspa aCurtis.bBiología / cHelena Curtis a7a ed. 2a reimp. en español basada en la 6a ed. en español aBuenos Aires: bEditorial Médica Panamericana;c2009. a1009 p.c22x28 cm. aCurtis, H. et al. (2009). Curtis. Biología. (7a ed.). Buenos Aires : Editorial Médica Panamericana.  aOrigen de la célula aOrganización de las células aCómo entran y salen sustancias de la célula aMetabolismo y energía aGlucólisis y respiración celular aFotosíntesis, luz y vida aReproducción celular aExperimentos de Mendel y el nacimiento de la genética aBases químicas de la herencia: el DNA y su replicación aFlujo de información genética: caminos del DNA a la proteína aRegulación de la expresión génica aComunicación celular aElementos genéticos móviles aManipulación de la información genética aDesarrollo: la ejecución de un programa genético aGenética, medicina y sociedad aEvolución: historia de la teoría y sus evidencias aBases genéticas de la evolución aProcesos del cambio evolutivo aOrigen de las especies aMacroevolución: la historia de la vida aEvolución de los homínidos aClasificación de los organismos aBacteria y Archaea: los procariontes aEukarya I: los protistas, eucariontes heterogéneos aEukarya II: el linaje de las algas verdes y las plantas aEukarya III: el linaje de los hongos aEukarya IV: el linaje de los animales aTejidos, óganos y sistemas de los vertebrados aSistema nervioso: estructura y función aProcesamiento sensorial y respuesta motora aProcesamiento de la información aSistema endocrino aRespiración aCirculación aDigestión aTasa mebólica y regulación térmica aExcreción y equilibrio hídrico aRespuesta inmunitaria  aReproducción aDesarrollo embrionario aComportamiento animal aEstructura y reproducción de las plantas aTransporte en las plantas aCrecimiento y desarrollo en las plantas aEstructura y dinámica de las poblaciones aInteracciones en las comunidades aEcosistemas aBiosfera aIntervenciones humanas y cambios globales1 aCurtis, Helenad(1923-2005)1 aBarnes, N. Sue.1 aSchnek, Adriana.eDir.1 aMassarini, Alicia.eDir.